| 000 | 01837nam a22002297a 4500 | ||
|---|---|---|---|
| 999 |
_c60464 _d60464 |
||
| 003 | Ge_BSU | ||
| 005 | 20230724154701.0 | ||
| 008 | 230724s2020ge xxu||||| |||| 00| 0 geo d | ||
| 020 | _a9789941488214 | ||
| 041 | _ageo | ||
| 080 | _a634.8(479.22) დ-23 | ||
| 245 |
_aდასავლეთ საქართველოში გავრცელებული ზოგიერთი ვაზის ჯიშის ყურძნისგან მიღებული ღვინის პასპორტები : _c[მონოგრაფია] / _bმაია ვანიძე, ალეკო კალანდია, ინდირა ჯაფარიძე, მაია ხარაძე ; რუსლან დავითაძე ; რედ. შალაშვილი არმაზ |
||
| 264 |
_aბათუმი : _bბათუმის შოთა რუსთაველის სახელმწიფო უნივერსიტეტი, _c2020. |
||
| 300 |
_a67 გვ.: _b19 სმ. |
||
| 504 | _aბიბლიოგრაფ.გვ: 66-67 | ||
| 653 | _aდასავლეთ საქართველოში გავრცელებული ზოგიერთი ვაზის ჯიშის ყურძნისგან მიღებული ღვინის პასპორტები | ||
| 653 | _aსოფლის მეურნეიობა | ||
| 700 |
_aვანიძე, მაია და სხვ. _919511 |
||
| 700 |
_aშალაშვილი, არამაზ _eრედაქტორი _919512 |
||
| 856 |
_uhttps://dspace.nplg.gov.ge/bitstream/1234/327559/1/DasavletSaqartveloshiGavrcelebuliZogiertiVazisJishisYurdznisgan....pdf _yელექტრონული ვერსია |
||
| 942 |
_2udc _cBK |
||